<?xml version="1.0" encoding="UTF-8"?>
<record
    xmlns:xsi="http://www.w3.org/2001/XMLSchema-instance"
    xsi:schemaLocation="http://www.loc.gov/MARC21/slim http://www.loc.gov/standards/marcxml/schema/MARC21slim.xsd"
    xmlns="http://www.loc.gov/MARC21/slim">

  <leader>01483nam a22002417a 4500</leader>
  <controlfield tag="008">171009s2007        cr||||| |||| 00| 0 spa d</controlfield>
  <datafield tag="020" ind1=" " ind2=" ">
    <subfield code="a">9789968899239</subfield>
  </datafield>
  <datafield tag="082" ind1=" " ind2=" ">
    <subfield code="a">709.2</subfield>
    <subfield code="b">H548r</subfield>
  </datafield>
  <datafield tag="100" ind1="1" ind2=" ">
    <subfield code="a">Herkenhoff, Paulo.</subfield>
    <subfield code="9">6029</subfield>
  </datafield>
  <datafield tag="245" ind1=" " ind2=" ">
    <subfield code="a">Rolando Castell&#xF3;n /</subfield>
    <subfield code="c">Paulo Herkenhoff, Tamara D&#xED;az y Virginia P&#xE9;rez-Ratton.</subfield>
  </datafield>
  <datafield tag="250" ind1=" " ind2=" ">
    <subfield code="a">1a edici&#xF3;n.</subfield>
  </datafield>
  <datafield tag="260" ind1=" " ind2=" ">
    <subfield code="a">San Jos&#xE9;, Costa Rica :</subfield>
    <subfield code="b">TEOR/&#xE9;TICA,</subfield>
    <subfield code="c">2007.</subfield>
  </datafield>
  <datafield tag="300" ind1=" " ind2=" ">
    <subfield code="a">120 p&#xE1;ginas :</subfield>
    <subfield code="b">ilustraciones en color.</subfield>
  </datafield>
  <datafield tag="505" ind1="0" ind2=" ">
    <subfield code="t">Presentaci&#xF3;n / Presentation</subfield>
    <subfield code="r">Virginia P&#xE9;rez-Ratton.</subfield>
    <subfield code="t">Rolando Castell&#xF3;n: todos en uno / Rolando Castell&#xF3;n: all in one</subfield>
    <subfield code="r">Paulo Herkenhoff.</subfield>
    <subfield code="t">La verdadera historia de un personaje ficticio o la historia ficticia de un personaje real / The true story of a fictional character or a fictional story of a real person</subfield>
    <subfield code="r">Tamara D&#xED;az Bringas.</subfield>
    <subfield code="t">Rolando: artista jardinero y curador picaflor / Rolando: gardener artist and flirtatious curator</subfield>
    <subfield code="r">Virginia P&#xE9;rez-Ratton.</subfield>
    <subfield code="t">Rastros y rostros: una memoria seg&#xFA;n Rolando Castell&#xF3;n / Traces and faces: a memory according to Rolando Castell&#xF3;n </subfield>
    <subfield code="r">Ernesto Calvo.</subfield>
    <subfield code="t">No se detiene / He does not stop</subfield>
    <subfield code="r">Clara Astiasar&#xE1;n.</subfield>
    <subfield code="t">Otra traici&#xF3;n / Another betrayal</subfield>
    <subfield code="r">Ra&#xFA;l Quintanilla.</subfield>
    <subfield code="t">Remembranza / Remembrance</subfield>
    <subfield code="r">Howard Pearlstein.</subfield>
  </datafield>
  <datafield tag="653" ind1="1" ind2="0">
    <subfield code="a">Arte contempor&#xE1;neo</subfield>
  </datafield>
  <datafield tag="653" ind1="1" ind2="0">
    <subfield code="a">Arte - Nicaragua</subfield>
  </datafield>
  <datafield tag="653" ind1="1" ind2="0">
    <subfield code="a">Arte Centroamericano</subfield>
  </datafield>
  <datafield tag="653" ind1="1" ind2="0">
    <subfield code="a">Dibujo</subfield>
  </datafield>
  <datafield tag="653" ind1="1" ind2="0">
    <subfield code="a">Instalaci&#xF3;n</subfield>
  </datafield>
  <datafield tag="653" ind1="1" ind2="0">
    <subfield code="a">Escultura</subfield>
  </datafield>
  <datafield tag="700" ind1="1" ind2=" ">
    <subfield code="a">D&#xED;az, Tamara.</subfield>
    <subfield code="9">6111</subfield>
  </datafield>
  <datafield tag="700" ind1="1" ind2=" ">
    <subfield code="a">P&#xE9;rez-Ratton, Virginia.</subfield>
    <subfield code="9">580</subfield>
  </datafield>
  <datafield tag="999" ind1=" " ind2=" ">
    <subfield code="c">1316</subfield>
    <subfield code="d">1316</subfield>
  </datafield>
  <datafield tag="952" ind1=" " ind2=" ">
    <subfield code="0">0</subfield>
    <subfield code="1">0</subfield>
    <subfield code="2">ddc</subfield>
    <subfield code="4">0</subfield>
    <subfield code="7">0</subfield>
    <subfield code="a">LV</subfield>
    <subfield code="b">LV</subfield>
    <subfield code="c">Colecci&#xF3;n Teor&#xE9;tica</subfield>
    <subfield code="d">2017-10-09</subfield>
    <subfield code="l">1</subfield>
    <subfield code="o">709.2 H548r</subfield>
    <subfield code="p">004481</subfield>
    <subfield code="r">2018-03-19 00:00:00</subfield>
    <subfield code="s">2017-10-09</subfield>
    <subfield code="w">2017-10-09</subfield>
    <subfield code="y">01</subfield>
  </datafield>
  <datafield tag="952" ind1=" " ind2=" ">
    <subfield code="0">0</subfield>
    <subfield code="1">0</subfield>
    <subfield code="2">ddc</subfield>
    <subfield code="4">0</subfield>
    <subfield code="7">0</subfield>
    <subfield code="a">LV</subfield>
    <subfield code="b">LV</subfield>
    <subfield code="c">Colecci&#xF3;n Teor&#xE9;tica</subfield>
    <subfield code="d">2018-09-27</subfield>
    <subfield code="l">1</subfield>
    <subfield code="o">709.2 H548r</subfield>
    <subfield code="p">002250</subfield>
    <subfield code="r">2019-03-20 00:00:00</subfield>
    <subfield code="s">2019-02-06</subfield>
    <subfield code="w">2018-09-27</subfield>
    <subfield code="y">01</subfield>
  </datafield>
</record>
